Marketing international marchés, cultures et organisations

Na minha lista:
Detalhes bibliográficos
Autor principal: Prime, Nathalie
Outros Autores: Usunier, Jean-Claude
Formato: Livro
Idioma:francês
Publicado em: Montreuil Pearson Education 2015
Edição:2e éd.
Assuntos:
Tags: Adicionar Tag
Sem tags, seja o primeiro a adicionar uma tag!

MARC

LEADER 00000nam a2200000 4500
001 0235073
005 20240226124459.2
020 |a 978-2-3260-0107-7 
041 0 |a fre 
044 |a FR 
245 1 0 |a Marketing international  |b marchés, cultures et organisations  |c Nathalie Prime, Jean-Claude Usunier 
250 |a 2e éd. 
264 1 |a Montreuil  |b Pearson Education  |c 2015 
300 |a 478 s. 
610 2 0 |a marketing medzinárodný 
610 2 0 |a stratégia marketingová 
610 2 0 |a produkty 
610 2 0 |a distribúcia 
610 2 0 |a komunikácia marketingová 
100 1 |a Prime, Nathalie 
700 1 |a Usunier, Jean-Claude